000 01017cab a2200253 4500
001 WB3106-44
008 090401t1995 xxu||||| |||| 00| 0 eng d
035 _a(Sirsi) u72525
041 _aeng
245 _aControlled water includes dry watercourses
260 _c1995
350 _a0
490 _aTimes
_vTimes 8 February 1995, 36(1)
520 _a"R v Dovermoss" CA 3 February 1995, held that for the purposes of Water Resources Act 1991 s85(1) the meaning of the word `pollute` was defined in the Oxford English Dictionary and the term `controlled waters` in s85 as defined by s104(1)(c) and s221, applied to watercourses such as streams, ditches, drains even if such watercourses overflowed or dried up.
650 _aCONTROLLED WATERS
650 _aPOLLUTION
650 _aWATER RESOURCES ACT 1991 S104(1)(C)
650 _aWATER RESOURCES ACT 1991 S221
650 _aWATER RESOURCES ACT 1991 S85(1)
650 _aWATERCOURSES
690 _aWATER-CASE LAW
942 _n0
948 _c04/03/1997
999 _c45832
_d45832